Equipos Competiciones Europeas - Estadísticas

Estadísticas generales
  • Esta prueba ha sido intentada 114 veces
  • La puntuación promedio es 65 de 96
Estadísticas de respuestas
Imagen Respuesta % Correcto
Arsenal FC
97%
Real Madrid CF
97%
Sevilla FC
97%
AZ Alkmaar
96%
Club Atlético de Madrid
96%
FC Barcelona
96%
Manchester United FC
96%
Manchester City FC
95%
PSV Eindhoven
95%
Real Sociedad
95%
AC Milan
94%
Celtic FC
94%
Paris Saint-Germain
94%
Racing Club de Lens
94%
FC Porto
92%
SSC Napoli
92%
AFC Ajax
91%
FC Red Bull Salzburgo
91%
Newcastle United FC
91%
RB Leipzig
91%
Atalanta Calcio
90%
Galatasaray SK
90%
SL Benfica
90%
West Ham United FC
90%
BSC Young Boys
89%
Feyenoord Rotterdam
88%
Rangers FC
88%
SS Lazio
88%
FC Bayern Múnich
87%
Liverpool FC
87%
AS Roma
85%
Brighton & Hove Albion
85%
Bayer 04 Leverkusen
84%
Real Betis
84%
Toulouse FC
82%
Villarreal FC
82%
FC Union Berlín
81%
Royal Antwerp FC
81%
Sporting Clube de Braga
81%
Aston Villa FC
80%
Borussia Dortmund
80%
Club Brujas KV
78%
Estrella Roja de Belgrado
78%
FC Inter de Milan
77%
Stade Rennais FC
77%
Maccabi Haifa FC
74%
LASK
73%
AEK FC
71%
Sporting Clube de Portugal
71%
LOSC Lille
70%
FC Copenhaguen
69%
SC Freiburg
69%
SK Slovan Bratislava
69%
SK Sturm Graz
69%
AFC Fiorentina
68%
FC Viktoria Plzen
66%
Maccabi Tel Aviv FC
66%
Servette FC
66%
BK Häcken
65%
FC Astana
63%
KRC Genk
63%
GNK Dinamo Zagreb
62%
KAA Gent
62%
Qarabag FK
61%
Beşiktaş JK
60%
FC Ballkani
56%
FC Shakhtar Donetsk
54%
Kí Klaksvík
54%
PFC Ludogorets
54%
Molde FK
53%
Olympiacos Piraeus
53%
PAOK FC
53%
Aberdeen FC
52%
Panathinaikos FC
52%
Fenerbahçe SK
51%
AC Sparta Praga
47%
Raków Czestochowa
47%
Union Saint-Gilloise
46%
FC Spartak Trnava
45%
Legia Warszawa
44%
Olympique de Marsella
44%
Breidablik
42%
Eintracht Frankfurt
39%
FC Sheriff Tiraspol
39%
Ferencvárosi TC
39%
FK Bodø/Glimt
39%
SK Slavia Praha
38%
HJK Helsinki
30%
NK Olimpija Ljubljana
30%
FK TSC
22%
FC Lugano
19%
Aris Limassol FC
16%
FC Nordsjælland
13%
HJK Zrinjski
12%
FC Zorya Luhansk
6%
FK Čukarički
3%
No se encontraron pruebas coincidentes
Distribución de puntuación
Porcentaje de gente con cada puntuación
Porcentaje por número respondido
Historial de tus puntuaciones
No has intentado esta prueba.